Add Words to Countries - Statistics

General Stats
  • This quiz has been taken 16 times
  • The average score is 18 of 30
Answer Stats
Word or Letters Original Country New Country % Correct
A, M, O Iran Romania
90%
Air Oman Romania
90%
Aim Laos Somalia
90%
A, O, S Mali Somalia
90%
A, E, M Iran Armenia
80%
A, W Mali Malawi
80%
C, O Oman Monaco
80%
Led Iran Ireland
70%
A, A, S, Y Mali Malaysia
70%
Goon Mali Mongolia
70%
G, I, L, O Oman Mongolia
70%
Agent Iran Argentina
60%
A, A, B, E, J, Z Iran Azerbaijan
60%
A, B, H Iran Bahrain
60%
Core Oman Cameroon
60%
A, I, K, V Laos Slovakia
60%
Vine Laos Slovenia
60%
B, C, O, O Mali Colombia
50%
C, D, I, I Oman Dominica
50%
D, E, S, V Mali Maldives
50%
A, A, I, M, T, U Iran Mauritania
50%
E, G, I Iran Nigeria
50%
A, L, K, S Iran Sri Lanka
50%
Muse Iran Suriname
50%
E, K, U Iran Ukraine
50%
A, D, E, L, R, V Laos El Salvador
40%
A, A, C, G, U Iran Nicaragua
40%
E, G, O, P, S Iran Singapore
40%
Moans Iran San Marino
30%
Rains Oman San Marino
30%
No matching quizzes found
Score Distribution
Percent of People with Each Score
Percentile by Number Answered
Your Score History
You have not taken this quiz